[Event "Online Olym Div4 E"]
[Site "Chess.com INT"]
[Date "2020.08.02"]
[Round "7.2"]
[White "Cancino, Shiela"]
[Black "Gobin, Samirah"]
[Result "0-1"]
[WhiteElo "1438"]
[BlackElo "1139"]
[PlyCount "112"]
[EventDate "2020.07.31"]
[EventType "team-tourn (rapid)"]
[EventRounds "9"]
[EventCountry "USA"]
[SourceTitle "CBM 198"]
[Source "ChessBase"]
[SourceDate "2020.10.31"]
[SourceVersion "1"]
[SourceVersionDate "2020.10.31"]
[SourceQuality "1"]
[WhiteTeam "Bermuda"]
[BlackTeam "Guyana"]
[WhiteTeamCountry "BER"]
[BlackTeamCountry "GUY"]

1. d4 d5 2. Nf3 Nf6 3. Bf4 b6 4. e3 Bb7 5. Nbd2 e6 6. c4 Bb4 7. Qa4+ Nc6 8. a3 Bxd2+ 9. Nxd2 0-0 10. Bd3 Re8 11. Qc2 e5 12. Bg5 g6 13. 0-0-0 exd4 14. cxd5 dxe3 15. fxe3 Ne5 16. Rhf1 Nxd3+ 17. Qxd3 Qxd5 18. Qxd5 Nxd5 19. e4 Ne7 20. g3 f5 21. Rde1 fxe4 22. Nxe4 Bxe4 23. Rxe4 Nd5 24. Rxe8+ Rxe8 25. Kd2 Kg7 26. h4 h6 27. Bf4 Nxf4 28. Rxf4 Rf8 29. Rxf8 Kxf8 30. Kd3 Ke7 31. Ke4 Ke6 32. Kf4 Kf6 33. g4 g5+ 34. hxg5+ hxg5+ 35. Ke4 Ke6 36. b4 a5 37. b5 Kd6 38. Kf5 c5 39. bxc6 Kxc6 40. Kxg5 Kd7 41. Kf6 Ke8 42. g5 a4 43. Kg7 b5 44. g6 b4 45. axb4 a3 46. Kh8 a2 47. g7 a1Q 48. Kh7 Qh1+ 49. Kg6 Qg2+ 50. Kh7 Qh3+ 51. Kg6 Qg4+ 52. Kh7 Qh5+ 53. Kg8 Ke7 54. b5 Kf6 55. b6 Qf7+ 56. Kh7 Qxg7# 0-1

[Event "Olympiad Women-43"]
[Site "Batumi"]
[Date "2018.10.05"]
[Round "11.2"]
[White "Mission, Baby Edna"]
[Black "Cancino, Shiela"]
[Result "0-1"]
[WhiteElo "1475"]
[BlackElo "1456"]
[PlyCount "68"]
[EventDate "2018.09.24"]
[EventType "team-swiss"]
[EventRounds "11"]
[EventCountry "GEO"]
[SourceTitle "EXT 2020"]
[Source "ChessBase"]
[SourceDate "2019.10.17"]
[SourceVersion "1"]
[SourceVersionDate "2019.10.17"]
[SourceQuality "1"]
[WhiteTeam "Palau (W)"]
[BlackTeam "Bermuda (W)"]
[WhiteTeamCountry "PAL"]
[BlackTeamCountry "BER"]

1. d4 Nf6 2. e3 e6 3. Bd3 d5 4. c3 c5 5. b3 Nc6 6. Nd2 Bd6 7. Bb2 cxd4 8. cxd4 0-0 9. Ngf3 h6 10. 0-0 Bd7 11. a3 Rc8 12. b4 Re8 13. Ne5 Ne7 14. f4 Nf5 15. Qe2 h5 16. Ndf3 Ng4 17. Nxg4 hxg4 18. Ne5 Bxe5 19. fxe5 Qg5 20. Rf4 g3 21. h3 g6 22. Re1 Kg7 23. Rg4 Qe7 24. Bxf5 exf5 25. Rxg3 Rh8 26. Rf1 Rh4 27. Rf4 Rxf4 28. exf4 Ba4 29. Rc3 Rxc3 30. Bxc3 a6 31. Qf3 Bb3 32. Qxd5 Bxd5 33. Kh2 Qc7 34. Be1 Qc2 0-1